<?xml version="1.0" encoding="UTF-8"?>
<record
    xmlns:xsi="http://www.w3.org/2001/XMLSchema-instance"
    xsi:schemaLocation="http://www.loc.gov/MARC21/slim http://www.loc.gov/standards/marcxml/schema/MARC21slim.xsd"
    xmlns="http://www.loc.gov/MARC21/slim">

  <leader>01242nab a2200217 i 4500</leader>
  <controlfield tag="001">DO-SdBNP</controlfield>
  <controlfield tag="005">20260218084716.0</controlfield>
  <controlfield tag="007">ta</controlfield>
  <controlfield tag="008">260218e1975    dr qn|p|r||||||0| | spa d</controlfield>
  <datafield tag="040" ind1=" " ind2=" ">
    <subfield code="a">DO-SdBNP</subfield>
    <subfield code="b">spa</subfield>
    <subfield code="c">BNPHU</subfield>
    <subfield code="e">rda</subfield>
  </datafield>
  <datafield tag="041" ind1=" " ind2=" ">
    <subfield code="h">spa</subfield>
  </datafield>
  <datafield tag="100" ind1="1" ind2=" ">
    <subfield code="a">B&#xE1;ez, Frank,</subfield>
    <subfield code="d">1978-</subfield>
    <subfield code="9">33651</subfield>
  </datafield>
  <datafield tag="245" ind1=" " ind2=" ">
    <subfield code="a">Hacia el control nacional del sector azucarero : la Era de Trujillo</subfield>
  </datafield>
  <datafield tag="336" ind1=" " ind2=" ">
    <subfield code="a">texto</subfield>
    <subfield code="b">txt</subfield>
    <subfield code="2">rdacontent</subfield>
  </datafield>
  <datafield tag="337" ind1=" " ind2=" ">
    <subfield code="a">sin mediaci&#xF3;n </subfield>
    <subfield code="b">n</subfield>
    <subfield code="2">rdamedia</subfield>
  </datafield>
  <datafield tag="338" ind1=" " ind2=" ">
    <subfield code="a">volumen </subfield>
    <subfield code="b">nc </subfield>
    <subfield code="2">rdacarrier</subfield>
  </datafield>
  <datafield tag="520" ind1=" " ind2=" ">
    <subfield code="a">A partir de la postguerra se inicia un proceso de industrializaci&#xF3;n cuyo ritmo de inversi&#xF3;n en el per&#xED;odo 1950-58 a&#xFA;n no hab&#xED;a sido superado en el 1970. La sociedad dominicana se debat&#xED;a en un proceso de tr&#xE1;nsito de la econom&#xED;a con predominio de enclave a econom&#xED;a controlada nacionalmente, precisamente en un momento en el cual se efectuaba la culminaci&#xF3;n del proceso de integraci&#xF3;n y centralizaci&#xF3;n monop&#xF3;lica del capitalismo a nivel mundial, con Estados Unidos, como centro hegem&#xF3;nico.</subfield>
  </datafield>
  <datafield tag="650" ind1=" " ind2=" ">
    <subfield code="9">60476</subfield>
    <subfield code="a">Industria azucarera, 1950-1958-Rep&#xFA;blica Dominicana</subfield>
  </datafield>
  <datafield tag="773" ind1=" " ind2=" ">
    <subfield code="g">Vol.1, n&#xFA;m.1 (oct-dic, 1975), p&#xE1;ginas.101-153</subfield>
    <subfield code="g">N&#xFA;m.1 (oct-dic, 1975), p&#xE1;ginas.101-153</subfield>
    <subfield code="t">Realidad contempor&#xE1;nea</subfield>
  </datafield>
  <datafield tag="942" ind1=" " ind2=" ">
    <subfield code="2">ddc</subfield>
    <subfield code="c">ISSUE</subfield>
  </datafield>
  <datafield tag="999" ind1=" " ind2=" ">
    <subfield code="c">60351</subfield>
    <subfield code="d">60351</subfield>
  </datafield>
</record>
